Tagores songs on solidarity / (Record no. 68331)

MARC details
000 -LEADER
fixed length control field 00811nam a22002057a 4500
005 - DATE AND TIME OF LATEST TRANSACTION
control field 20120706162251.0
010 ## - LCCN (DPL NO)
LC control number B-477807
020 ## - INTERNATIONAL STANDARD BOOK NUMBER
International Standard Book Number 9788089886592
Terms of availability 450.00
035 ## - SYSTEM CONTROL NUMBER
System control number B-477807
037 ## - SOURCE OF ACQUISITION
Stock number dpl
Source of stock number/acquisition K.k. Pub / ven
082 ## - DEWEY DECIMAL CLASSIFICATION NUMBER
Classification number 891.4414
100 ## - MAIN ENTRY--PERSONAL NAME
Personal name Chakrabarti, Mohit
245 ## - TITLE STATEMENT
Title Tagores songs on solidarity /
Statement of responsibility, etc by Mohit Chakrabarti
260 ## - PUBLICATION, DISTRIBUTION, ETC. (IMPRINT)
Place of publication, distribution, etc Delhi
Name of publisher, distributor, etc Abhijeet Pub
Date of publication, distribution, etc 2008
270 ## - ADDRESS
Address 2/46 Tukhmeerpur Extention
City Delhi
300 ## - PHYSICAL DESCRIPTION
Extent xvi,160pg
Dimensions 23cm
942 ## - ADDED ENTRY ELEMENTS (KOHA)
Source of classification or shelving scheme Dewey Decimal Classification
Item type English Books
Classification part 891.4414
Call number suffix CHA
Holdings
Withdrawn status Lost status Not for loan Collection code Home library Current library Date acquired Source of acquisition Cost, normal purchase price Full call number Barcode Copy number Cost, replacement price Koha item type
      Non-fiction Central Library Central Library 10/07/2012 K.K.Pub/1356/29.11.2011/03/29.11.2011/30.3.2012 450.00 891.4414 CHA B-477807 1 450.00 English Books

© Delhi Public Library
Hit Counter
free hit counter